000 00249nam a2200097Ia 4500
082 _a712.6 GAVI
245 0 _aDesign your garden
100 _a GAVIN, Diarmuid London, 2004
_965873
942 _cBK
008 210817s9999 xx 000 0 und d
999 _c210863
_d210862